Catálogo
 En Linea

4 discursos : (Registro nro. 29482)

Detalles MARC
000 -CABECERA
campo de control de longitud fija 01151nam a2200277 a 4500
001 - NÚMERO DE CONTROL
campo de control 000029990
003 - IDENTIFICADOR DEL NÚMERO DE CONTROL
campo de control DO-SdBNP
005 - FECHA Y HORA DE LA ÚLTIMA TRANSACCIÓN
campo de control 20250630104810.0
007 - CAMPO FIJO DE DESCRIPCIÓN FÍSICA--INFORMACIÓN GENERAL
campo de control de longitud fija ta
008 - DATOS DE LONGITUD FIJA--INFORMACIÓN GENERAL
campo de control de longitud fija 110428s194u dr a r 000 0 spa d
040 ## - FUENTE DE LA CATALOGACIÓN
Centro catalogador/agencia de origen DO-SdBNP
Lengua de catalogación spa
Centro/agencia transcriptor BNPHU
041 ## - CÓDIGO DE LENGUA
Código de lengua original spa
082 #4 - NÚMERO DE LA CLASIFICACIÓN DECIMAL DEWEY
Número de clasificación 320.97293053
Número de documento/Ítem R426d
Número de edición 22
110 1# - ENTRADA PRINCIPAL--NOMBRE DE ENTIDAD CORPORATIVA
Nombre de entidad corporativa o nombre de jurisdicción como elemento de entrada Ciudad Trujillo.
Unidad subordinada Universidad de Santo Domingo.
-- Guardia Universitaria "Presidente Trujillo."
9 (RLIN) 56717
240 ## - TÍTULO UNIFORME
Título uniforme Cuatro discursos : proclamación del partido trujillista por la guardia universitaria, en la noche de noviembre de 1940
245 10 - MENCIÓN DE TÍTULO
Título 4 discursos :
Resto del título proclamación del partido trujillista por la guardia universitaria, en la noche del 14 de noviembre de 1940
260 ## - PUBLICACIÓN, DISTRIBUCIÓN, ETC.
Lugar de publicación, distribución, etc. Ciudad Trujillo, República Dominicana, :
Nombre del editor, distribuidor, etc. La opinión,
Fecha de publicación, distribución, etc. [194-?].
300 ## - DESCRIPCIÓN FÍSICA
Extensión 33 p. :
Otras características físicas il ;
Dimensiones 23 cm.
490 1# - MENCIÓN DE SERIE
Mención de serie Partido Trujillista
Designación de volumen o secuencia 1
500 ## - NOTA GENERAL
Nota general Publicaciones del partido trujillista
590 ## - NOTA LOCAL (RLIN)
Nota local Inventariado, 2018/ YL
651 #0 - PUNTO DE ACCESO ADICIONAL DE MATERIA--NOMBRE GEOGRÁFICO
Nombre geográfico REPÚBLICA DOMINICANA
Subdivisión general HISTORIA
Subdivisión cronológica ERA DE TRUJILLO, 1930-1961
Subdivisión general NOVELA
9 (RLIN) 21999
830 #0 - PUNTO DE ACCESO ADICIONAL DE SERIE-TÍTULO UNIFORME
Título uniforme Partido Trujillista
Número de parte o sección de la obra 1
9 (RLIN) 56718
910 ## - DATOS DE OPCIÓN DEL USUARIO (OCLC)
Datos de opción del usuario Validado. Control de calidad MAA
942 ## - ELEMENTOS DE PUNTO DE ACCESO ADICIONAL (KOHA)
Fuente del sistema de clasificación o colocación Dewey Decimal Classification
Tipo de ítem Koha Folleto
Existencias
Estado de retiro Estado de pérdida Fuente del sistema de clasificación o colocación No para préstamo Código de colección Localización permanente Ubicación/localización actual Ubicación en estantería Fecha de adquisición Número de inventario Total de préstamos Signatura topográfica completa Código de barras Fecha visto por última vez Precio válido a partir de Tipo de ítem Koha
    Dewey Decimal Classification Excluido de préstamo Raros y valiosos Biblioteca Nacional Pedro Henríquez Ureña Patrimonio Dominicano Depósito 28.04.2011 LF1   BNPHU PD-RV-F 320.972930.53 R426d 29990-10 25.06.2020 25.06.2020 No se presta

Con tecnología Koha